| 000 | 00744nam a2200169 a 4500 | ||
|---|---|---|---|
| 008 | 120416s0000 xx |||||||||||||| || u | ||
| 020 | _a0333259882 | ||
| 050 | _aHB 172.5 Cut | ||
| 100 | _aCuthbertson, Keith | ||
| 245 | 1 | 0 | _aMacroeconomic policy |
| 246 | _athe new Cambridge Keynesian and monetarist controversies | ||
| 260 |
_a _bBasingstoke _c1983 |
||
| 300 | _axii, 209p. : ill. | ||
| 350 | _a0.00 | ||
| 995 |
_aANNEX COLLECTION (Main Library) _D0.00 _e705629 _FCBU-MAIN LIBRARY (Kitwe) _H1 _I6.95 _jHB 172.5 Cut _M1 _UAVAILABLE _WOct 18, 2006 _y002126 _ZAnnex Low-Usage Collection |
||
| 995 |
_aBINDERY (DAMAGED) _D0.00 _e708289 _FCBU-MAIN LIBRARY (Kitwe) _H2 _I6.95 _jHB 172.5 Cut _M2 _UDAMAGED _WOct 18, 2006 _y002125 _ZMain Library Open Access Collection |
||
| 999 |
_c82290 _d82290 |
||